Guide to Italian libraries and archives /

Bibliographic Details
Main Author: Lewanski, Rudolf J.
Other Authors: Lewanski, Richard Casimir, 1918-
Format: Book
Language:English
Published: New York : Council for European Studies, [1979]
Subjects:

MARC

Tag First Indicator Second Indicator Subfields
LEADER 00000cam a2200000 i 4500
001 in00000063528
005 20151007083136.0
008 790917s1979 nyu br 00010 eng
010 |a  79114337  
035 |a (OCoLC)04813386 
035 |9 AAF8923AM 
040 |a DLC  |c DLC  |d TXA  |d UtOrBLW 
043 |a e-it--- 
049 |a TXAM  |c [1159714] 
050 0 0 |a Z809.A1  |b L48 
082 0 |a 027/.025/45 
100 1 |a Lewanski, Rudolf J. 
245 1 0 |a Guide to Italian libraries and archives /  |c compiled by Rudolf J. Lewanski ; edited by Richard C. Lewanski. 
264 1 |a New York :  |b Council for European Studies,  |c [1979] 
264 4 |c ©1979 
300 |a ii, 101 pages ;  |c 28 cm. 
336 |a text  |b txt  |2 rdacontent 
337 |a unmediated  |b n  |2 rdamedia 
338 |a volume  |b nc  |2 rdacarrier 
500 |a Title on cover: Research resources, Italy. 
504 |a Bibliography: page 101. 
650 0 |a Libraries  |z Italy  |x Directories. 
650 0 |a Archives  |z Italy  |x Directories. 
700 1 |a Lewanski, Richard Casimir,  |d 1918- 
740 0 |a Research resources, Italy. 
999 |a MARS 
999 f f |s 8f962681-4013-3f6c-ba41-a02cb9afb870  |i e0a4c890-9175-36eb-8b28-d8cf07ea1f49  |t 0 
952 f f |p ric  |a Texas A&M University  |b Rellis Campus  |c Joint Library Facility  |d Remote Storage  |t 0  |e Z809.A1 L48  |h Library of Congress classification  |i unmediated -- volume  |m A14805747719 
998 f f |a Z809.A1 L48  |t 0  |l Remote Storage